Ensayo sobre la historia demográfica europea: población y alimentación en Europa
Saved in:
| Main Author: | |
|---|---|
| Format: | Book |
| Language: | Spanish |
| Published: |
Barcelona
Ariel
1988
|
| Series: | Ariel Historia. Serie historia económica
|
| Subjects: | |
| Tags: |
Add Tag
No Tags, Be the first to tag this record!
|
MARC
| LEADER | 00000nam a2200000 a 4500 | ||
|---|---|---|---|
| 001 | UCX4334 | ||
| 003 | CL-VaPUC | ||
| 008 | 920414e19880000SP |||||||||||||||||spa|d | ||
| 082 | 0 | 4 | |a 304.6 |b LIV |2 21 |
| 100 | |a Livi Bacci, Massimo |e autor |9 588951 | ||
| 245 | 1 | 0 | |a Ensayo sobre la historia demográfica europea: población y alimentación en Europa |
| 300 | |a 196 p | ||
| 942 | |c BK | ||
| 945 | |d 19920414 00:00:00 | ||
| 260 | |a Barcelona |b Ariel |c 1988 | ||
| 650 | 0 | |a Demografía |9 260008 | |
| 650 | 0 | |a Historia |9 255047 | |
| 651 | 0 | |a Europa |9 255156 | |
| 583 | |a last modification |c 19920414 00:00:00 |k Rodrigo Vera | ||
| 490 | 0 | |a Ariel Historia. Serie historia económica | |
| 999 | |c 224821 |d 224819 | ||
| 952 | |0 0 |1 0 |4 0 |6 304_600000000000000_LIV_1988 |7 0 |8 A |9 221802 |a BIBHIS |b BIBHIS |d 2019-11-15 |i 2906694 |o 304.6 LIV 1988 |p 2906694 |r 2025-01-20 |w 2019-11-15 |y BK |k HIS | ||